000 00234nam a2200097Ia 4500
008 190216s9999||||xx |||||||||||||| ||und||
100 _aKrishna Varier
245 0 _aVinjana Shabdavali
260 _bKerala Basha Inst
942 _cBK
999 _c38757
_d38757